Pokémon commençant par E - Statistiques

Statistiques générales
  • Ce quiz a été pris 3 415 fois
    1 834 depuis la dernière actualisation
  • Le résultat moyen est 16 sur 31
Statistiques - réponses
Réponse % Correct
125 Elektek
82%
466 Elekable
79%
239 Elekid
78%
133 Evoli
78%
145 Electhor
77%
398 Etouraptor
74%
396 Etourmi
74%
397 Etourvol
74%
101 Electrode
67%
094 Ectoplasma
64%
244 Entei
56%
587 Emolga
55%
071 Empiflor
54%
108 Excelangue
53%
784 Ekaïser
51%
310 Elecsprint
51%
358 Eoko
50%
246 Embrylex
49%
241 Ecremeuh
47%
341 Ecrapince
46%
783 Ecaïd
45%
681 Exagide
44%
456 Ecayon
43%
723 Efflèche
41%
660 Excavarenne
38%
799 Engloutyran
37%
890 Éthernatos
32%
552 Escroco
31%
616 Escargaume
28%
995 Épine-de-Fer
24%
846 Embrochet
23%
Aucun quiz correspondant
Distribution des résultats
% des personnes avec chaque résultat
Percentile par nombre de réponses
Votre historique - résultats
Vous n’avez pas pris ce quiz depuis la dernière actualisation